LIBRARY & INFORMATION CENTRE, KCAET, TAVANUR

ONLINE PUBLIC ACCESS CATALOGUE (OPAC)

Investigations on high rate anaerobic bioreactor for energy production from rubber latex processing effluent (Record no. 17307)

MARC details
000 -LEADER
fixed length control field 00417nam a22001337a 4500
003 - CONTROL NUMBER IDENTIFIER
control field OSt
082 ## - DEWEY DECIMAL CLASSIFICATION NUMBER
Classification number 631.3
Item number MEG/I
088 ## - REPORT NUMBER
Report number T 496
100 ## - MAIN ENTRY--AUTHOR NAME
Personal name Megha A S
245 ## - TITLE STATEMENT
Title Investigations on high rate anaerobic bioreactor for energy production from rubber latex processing effluent
260 ## - PUBLICATION, DISTRIBUTION, ETC. (IMPRINT)
Place of publication Tavanur
Name of publisher Dept of Farm machinery and Power Engineering, KCAET
Year of publication 2020
700 ## - ADDED ENTRY--PERSONAL NAME
Personal name Shaji James P
942 ## - ADDED ENTRY ELEMENTS (KOHA)
Koha item type Theses
Holdings
Home library Current library Full call number Accession Number Koha item type Public note
KAUAET KAUAET 631.3 MEG/I T 496 Theses M.Tech Thesis
free website counter